000 00707nam a22001937a 4500
999 _c176095
_d176095
005 20201104125513.0
010 _aUR-10918
020 _c400.00
_a9789389733143
035 _aU-9473
037 _bDBAD/PUB
082 _a841.08
100 _aبشری' خا تو ن
245 _aا ختر الا يما ن ا و ر نئ ا ر د و نظم
_cبشری' خا تو ن
246 _bAkhtar-Ul-Iman Aur Nai Urdu Nazm (Urdu)
_aby Dr. Bushra Khatoon
260 _aN.Delhi
_bEducational Publishing House
_c2019 ء
270 _aH.O.D1/16,Ansari Road,Darya ganj,
_bN.Delhi
_e110002
_k45678285,23216162
_l0091-11-23211540
300 _a230 ص
_c22 Cm(Hb)
942 _2ddc
_cUR
_h841.08
_mب ش ر